000 00795nas a2200241 4500
001 BR8300783
003 BR-BrBNA
005 20231205085437.0
007 ta
008 230509b bl.|||p| |||| 00| 00por d
040 _aBR-BrBNA
_bpor
_cBiblioteca Nacional de Agricultura
041 _a(Pt)
072 _aF60
100 1 _aSampaio, V.R.
245 1 _aEnraizamento de estacas herbaceas de figueira, sob nebulizacao intermitente [Ficus carica]
246 1 _a[Rooting of herbaceous cuttings of fig tree, under intermitent mist [Ficus carica]]
650 _aFIGO
650 _aENRAIZAMENTO
650 _aESTACA
773 0 _tRevista de Agricultura (Brazil)
_xISSN 0034-7655
_g(Dec 1982), v. 57(4) p. 289-292
_wBR8300783
909 _a202311
_bLúcia
_c55
_dLúcia Elande
942 _2AGRIS
_n0
_cANA
999 _c111478
_d111478